Ročné zúčtovanie preddavkov na daň z príjmov zo závislej činnosti za rok 2011 za vás urobí váš zamestnávateľ
Podmienky, ktoré musí zamestnanec - daňovník splniť pre podanie daňového priznania pre daň z príjmov fyzických osôb za minulý kalendárny rok. Daňová legislatíva a možnosť túto povinnosť za stanovených podmienok preniesť na zamestnávateľa.
Na minha lista:
| Autor principal: | |
|---|---|
| Formato: | Capítulo de Livro |
| Idioma: | eslovaco |
| Assuntos: | |
| Tags: |
Sem tags, seja o primeiro a adicionar uma tag!
|
MARC
| LEADER | 00000nla$a2200000$$$4500 | ||
|---|---|---|---|
| 001 | 0149021 | ||
| 005 | 20240502072700.3 | ||
| 041 | 0 | |a slo | |
| 044 | |a SK | ||
| 245 | 1 | 0 | |a Ročné zúčtovanie preddavkov na daň z príjmov zo závislej činnosti za rok 2011 za vás urobí váš zamestnávateľ |c Michal Borza |
| 520 | |a Podmienky, ktoré musí zamestnanec - daňovník splniť pre podanie daňového priznania pre daň z príjmov fyzických osôb za minulý kalendárny rok. Daňová legislatíva a možnosť túto povinnosť za stanovených podmienok preniesť na zamestnávateľa. | ||
| 610 | 2 | 0 | |a dane |
| 610 | 2 | 0 | |a dane z príjmov |
| 610 | 2 | 0 | |a priznania daňové |
| 610 | 2 | 0 | |a povinnosť daňová |
| 610 | 2 | 0 | |a daňovníci |
| 100 | 1 | |a Borza, Michal | |